<?xml version="1.0" encoding="UTF-8"?>
<record
    xmlns:xsi="http://www.w3.org/2001/XMLSchema-instance"
    xsi:schemaLocation="http://www.loc.gov/MARC21/slim http://www.loc.gov/standards/marcxml/schema/MARC21slim.xsd"
    xmlns="http://www.loc.gov/MARC21/slim">

  <leader>00607nam a22001577a 4500</leader>
  <controlfield tag="003">OSt</controlfield>
  <controlfield tag="005">20151208102227.0</controlfield>
  <controlfield tag="008">151208b        xxu||||| |||| 00| 0 eng d</controlfield>
  <datafield tag="040" ind1=" " ind2=" ">
    <subfield code="c">RUA</subfield>
  </datafield>
  <datafield tag="082" ind1=" " ind2=" ">
    <subfield code="a">ATM SVA 2004 B193 Or.1</subfield>
  </datafield>
  <datafield tag="100" ind1=" " ind2=" ">
    <subfield code="9">4516</subfield>
    <subfield code="a">SVAY, PUTHEARA.</subfield>
  </datafield>
  <datafield tag="245" ind1=" " ind2=" ">
    <subfield code="a">assessment of the agricultural extension activities, kandal province (&#x1780;&#x17B6;&#x179A;&#x179C;&#x17B6;&#x1799;&#x178F;&#x17C6;&#x179B;&#x17C3;&#x179B;&#x17BE;&#x179F;&#x1780;&#x1798;&#x17D2;&#x1798;&#x1797;&#x17B6;&#x1796;&#x1795;&#x17D2;&#x179F;&#x1796;&#x17D2;&#x179C;&#x1795;&#x17D2;&#x179F;&#x17B6;&#x1799;&#x1780;&#x179F;&#x17B7;&#x1780;&#x1798;&#x17D2;&#x1798;&#x1793;&#x17C5;&#x1780;&#x17D2;&#x1793;&#x17BB;&#x1784;&#x1781;&#x17C1;&#x178F;&#x17D2;&#x178F;&#x1780;&#x178E;&#x17D2;&#x178F;&#x17B6;&#x179B;)</subfield>
  </datafield>
  <datafield tag="260" ind1=" " ind2=" ">
    <subfield code="a">Phnom Penh</subfield>
    <subfield code="b">RUA</subfield>
    <subfield code="c">2004</subfield>
  </datafield>
  <datafield tag="300" ind1=" " ind2=" ">
    <subfield code="a">viii, 54p.</subfield>
    <subfield code="b">ill.</subfield>
    <subfield code="e">29cm.</subfield>
  </datafield>
  <datafield tag="942" ind1=" " ind2=" ">
    <subfield code="2">ddc</subfield>
    <subfield code="c">ATM</subfield>
  </datafield>
  <datafield tag="999" ind1=" " ind2=" ">
    <subfield code="c">4207</subfield>
    <subfield code="d">4207</subfield>
  </datafield>
  <datafield tag="952" ind1=" " ind2=" ">
    <subfield code="0">0</subfield>
    <subfield code="1">0</subfield>
    <subfield code="2">ddc</subfield>
    <subfield code="4">0</subfield>
    <subfield code="6">ATM_SVA_2004_000000000000000_B193_OR_1</subfield>
    <subfield code="7">0</subfield>
    <subfield code="9">21234</subfield>
    <subfield code="a">LBB</subfield>
    <subfield code="b">LBB</subfield>
    <subfield code="c">B193</subfield>
    <subfield code="d">2015-12-08</subfield>
    <subfield code="o">ATM SVA 2004 B193 Or.1</subfield>
    <subfield code="p">RUA038965</subfield>
    <subfield code="r">2015-12-08</subfield>
    <subfield code="w">2015-12-08</subfield>
    <subfield code="y">ATM</subfield>
  </datafield>
  <datafield tag="952" ind1=" " ind2=" ">
    <subfield code="0">0</subfield>
    <subfield code="1">0</subfield>
    <subfield code="2">ddc</subfield>
    <subfield code="4">0</subfield>
    <subfield code="6">ATM_SVA_2004_000000000000000_B193_OR_2</subfield>
    <subfield code="7">0</subfield>
    <subfield code="9">21235</subfield>
    <subfield code="a">LBB</subfield>
    <subfield code="b">LBB</subfield>
    <subfield code="c">B193</subfield>
    <subfield code="d">2015-12-08</subfield>
    <subfield code="o">ATM SVA 2004 B193 Or.2</subfield>
    <subfield code="p">RUA037976</subfield>
    <subfield code="r">2015-12-08</subfield>
    <subfield code="w">2015-12-08</subfield>
    <subfield code="y">ATM</subfield>
  </datafield>
  <datafield tag="952" ind1=" " ind2=" ">
    <subfield code="0">0</subfield>
    <subfield code="1">0</subfield>
    <subfield code="2">ddc</subfield>
    <subfield code="4">0</subfield>
    <subfield code="6">ATM_SVA_2004_000000000000000_B193_OR_3</subfield>
    <subfield code="7">0</subfield>
    <subfield code="9">21236</subfield>
    <subfield code="a">LBB</subfield>
    <subfield code="b">LBB</subfield>
    <subfield code="c">B193</subfield>
    <subfield code="d">2015-12-08</subfield>
    <subfield code="o">ATM SVA 2004 B193 Or.3</subfield>
    <subfield code="p">RUA039026</subfield>
    <subfield code="r">2015-12-08</subfield>
    <subfield code="w">2015-12-08</subfield>
    <subfield code="y">ATM</subfield>
  </datafield>
</record>
